000 008140000a22002530004500
003 LK-CoMWRAF
005 20230921104825.0
008 230817t2003 ||||| |||| 00| 0 eng d
020 _a9559417169
040 _aLK-CoMWRAF
_dLK-CoMWRAF
_eLK-CoMWRAF
041 _aeng
082 _a363.34
_bARI
100 _aAriyabandu, Madhavi Malalgoda
245 _aGender Dimensions in Disaster Management:
_bA Guide for South Asia
260 _aColombo:
_bITDG South Asia,
_c2003
300 _a176 p. : ill. ; 21 cm.
650 _aDISASTER RELIEF-South Asia
650 _a Emergency management -- South Asia;
650 _aWomen-Social aspects-South Asia
650 _aDisaster victims -- South Asia -- Psychology;
650 _aSex differences (Psychology);
700 _aWickramasinghe, Maithree
942 _cBK
999 _c1196
_d1196